Indonesia: (Record no. 186719)
[ view plain ]
| 000 -LEADER | |
|---|---|
| fixed length control field | 01057 a2200193 4500 |
| 003 - CONTROL NUMBER IDENTIFIER | |
| control field | Nust |
| 005 - DATE AND TIME OF LATEST TRANSACTION | |
| control field | 20230207133809.0 |
| 010 ## - LIBRARY OF CONGRESS CONTROL NUMBER | |
| LC control number | 73023034 |
| 020 ## - INTERNATIONAL STANDARD BOOK NUMBER | |
| International Standard Book Number | 0672636557 |
| 040 ## - CATALOGING SOURCE | |
| Transcribing agency | Nust |
| 082 00 - DEWEY DECIMAL CLASSIFICATION NUMBER | |
| Classification number | 959.8,TAS |
| 100 1# - MAIN ENTRY--PERSONAL NAME | |
| Personal name | Tas, Sal, |
| 9 (RLIN) | 108703 |
| 245 10 - TITLE STATEMENT | |
| Title | Indonesia: |
| Remainder of title | the underdeveloped freedom / |
| Statement of responsibility, etc. | S. Tas. Translated from the Dutch by Derek S. Jordan. |
| 260 ## - PUBLICATION, DISTRIBUTION, ETC. | |
| Place of publication, distribution, etc. | Indianapolis, |
| Name of publisher, distributor, etc. | Pegasus |
| Date of publication, distribution, etc. | [1974] |
| 300 ## - PHYSICAL DESCRIPTION | |
| Extent | ix, 388 p. |
| Dimensions | 23 cm. |
| 505 ## - FORMATTED CONTENTS NOTE | |
| Formatted contents note | The Beginning of Indonesia (Page-1),The Arrival of the European (Page-14), Indonesia is Dragged into the Nineteenth Century (Page-39), Culture System and Freedom of Labor (Page-58), Indonesia on the Threshold of the Twentieth Century (Page-82), The Nationalist Movement (Page-106), The Japanese Occupation and the National Revolution (Page-140), The War of Recognition (Page-170), The Struggle With Democracy (Page-206), Sukarno Guided Democracy (Page-269), The Coup of 30 September 1965 (Page-303), The Vital Self-Liberation (Page-354). |
| 651 #0 - SUBJECT ADDED ENTRY--GEOGRAPHIC NAME | |
| Geographic name | Indonesia |
| General subdivision | History. |
| 9 (RLIN) | 108704 |
| 942 ## - ADDED ENTRY ELEMENTS (KOHA) | |
| Source of classification or shelving scheme | |
| Koha item type | Book |
| Withdrawn status | Lost status | Source of classification or shelving scheme | Damaged status | Not for loan | Permanent Location | Current Location | Shelving location | Date acquired | Shelving control number | Full call number | Barcode | Date last seen | Price effective from | Koha item type | Public note |
|---|---|---|---|---|---|---|---|---|---|---|---|---|---|---|---|
| Military College of Signals (MCS) | Military College of Signals (MCS) | General Stacks | 12/12/2016 | History | 959.8,TAS | MCS5671 | 12/08/2016 | 12/12/2016 | Book | Almirah No.62, Shelf No.5 |
